Statistics for Asian Countries With No Letter A In Their Name

Click here to take the quiz!

General Stats

  • This quiz has been taken 44 times
    (37 since last reset)
  • The average score is 4 of 6

Answer Stats

Answer% Correct
Yemen
88%
Turkey
78%
Brunei
75%
Philippines
63%
Cyprus
56%
Timor-Leste
28%

Score Distribution

Percentile by Number Answered

Percent of People with Each Score

Your Score History

You have not taken this quiz since the last reset